| 000 | 00377nam a2200145Ia 4500 | ||
|---|---|---|---|
| 008 | 151213s9999 xx 000 0 und d | ||
| 100 | _aJerome J, Mc Grow | ||
| 245 |
_aDon John in Conteyt _cJerome J, Mc Grow |
||
| 260 |
_aLondon _bJohn Neuvy _c1976 |
||
| 300 | _a3564 p. | ||
| 650 | _aEnglish Literature | ||
| 650 | _aLiterature | ||
| 700 | _aJerome J, Mc Grow | ||
| 999 |
_c2367 _d2367 |
||